| 000 | 01037nam1a2200301 i 4500 | ||
|---|---|---|---|
| 001 | RU\NLR\ONL2\1413 | ||
| 005 | 20241118140722.0 | ||
| 035 | _a(NLR Aleph) 009649018 | ||
| 090 |
_a9570108 _c9570108 |
||
| 100 | _a20030819g19922001u||y0rusy50 ca | ||
| 101 | 0 | _atat | |
| 102 | _aRU | ||
| 105 | _ac ||||||||| | ||
| 200 | 1 |
_aСайланма эсэрлэр _dИзбранные произведения _e5 т. _fРавил Фэйзуллин |
|
| 210 |
_aКазан _cТатар. кит. нэшр. _d1992-2001 |
||
| 215 | _d17 | ||
| 300 | _aЗагл. т.1-2: Избр. произведения:В 2 т. | ||
| 541 | 1 |
_6z01790 _aИзбранные произведения _eВ 5 т. _zrus |
|
| 686 | 1 | _aШ6(2=Тат)7 я44 | |
| 700 | 1 |
_aФэйзуллин _bР. _gРавил _4070 |
|
| 790 | 1 |
_6z01541 _aФайзуллин _bР. _gРавиль _4070 |
|
| 801 | 0 |
_aRU _bNLR _c20030819 _gPSBO |
|
| 852 |
_aNLR _jТатар./2-11191 |
||
| 852 |
_aNLR _bОНЛ |
||
| 942 | _cBOOK | ||
| 980 | _aONL_RF | ||